Word Ladder: Placid Acid Quiz Stats

 Plays Quiz Updated Sep 2, 2015

Challenge
Share
Tweet
Embed
Score 0/23 Timer 02:00
0 Plays Today
Clue 3-Letter Word % Correct
A buddyPAL
92.8%
Nucleic acid; carries genetic instructions in double helix formDNA
92.3%
ConsumedATE
89.7%
Noah's vesselARK
88.7%
A girl or young womanGAL
87.7%
100%ALL
86.9%
A single mountain in Switzerland, e.g.ALP
85.4%
Smear test for cervical cancerPAP
83.7%
Deep angerIRE
82.2%
In volleyball, an unreturned serveACE
82.1%
Electric or moray, e.g.EEL
81.9%
To irritate or annoyIRK
81%
Clue 3-Letter Word % Correct
Zamboni terrainICE
80.4%
Organization that cracks down on crackDEA
79.5%
A common wing shape in a buildingELL
77.8%
Energy currency of life, synthesized in cellular respirationATP
74.6%
With 'electrophoresis', a method of sorting macromolecules like [first rung]GEL
73.3%
Liveliness and high spiritsPEP
71.4%
Common leguminous pulsePEA
70.6%
Nucleic acid; codes, decodes, regulates, and expresses genesRNA
62.5%
Actress Gasteyer or poet CastilloANA
51.4%
Exclamation of shock or surpriseACK
48.2%
2010 federal statute, colloquially referred to as ObamaCareACA
45.1%

Today's Daily Dose

You're not logged in!

Compare scores with friends on all Sporcle quizzes.
Join for Free
OR
Log In

You Might Also Like...

Show Comments

Extras

Top Quizzes Today


Score Distribution

Your Account Isn't Verified!

In order to create a playlist on Sporcle, you need to verify the email address you used during registration. Go to your Sporcle Settings to finish the process.

Report this User

Report this user for behavior that violates our Community Guidelines.

Details: